| 000 | 00992nas a2200313 4500 | ||
|---|---|---|---|
| 001 | BR2011004004 | ||
| 003 | BR-BrBNA | ||
| 005 | 20231205115446.0 | ||
| 007 | ta | ||
| 008 | 230509b bl.|||p| |||| 00| 00por d | ||
| 040 |
_aBR-BrBNA _bpor _cBiblioteca Nacional de Agricultura |
||
| 041 | _a(Pt) | ||
| 072 | _aF62; F04 | ||
| 100 | 1 | _aSilva, J.R. da | |
| 100 | 1 | _aMedeiros, M.A. de A. | |
| 100 | 1 | _aNascimento, I.J.B. do | |
| 100 | 1 | _aRibeiro, M.C.C. | |
| 100 | 1 | _aNunes, G.H. de S. | |
| 245 | 1 | _aTemperatura e substrato na germinação de sementes de flor-de-seda | |
| 246 | 1 | _aTemperature and substrate in the germination of seeds of silk flower | |
| 650 | _aTEMPERATURA | ||
| 650 | _aSUBSTRATO DE CULTURA | ||
| 650 | _aGERMINAÇÃO | ||
| 650 | _aVERMICULITA | ||
| 650 | _aCALOTROPIS PROCERA | ||
| 773 | 0 |
_tRevista Caatinga (Brazil) _xISSN 0100-316X _g(Jan-Mar 2009), v. 22(1) p. 171-175 _wBR2011004004 |
|
| 909 |
_a202311 _bLúcia _c55 _dLúcia Elande |
||
| 942 |
_2AGRIS _n0 _cANA |
||
| 999 |
_c213916 _d213916 |
||